000 00658nam a2200265Ia 4500
005 20260121170713.0
008 008 260114s9999 xx 000 0 eng d
020 _a9783319912202
037 _aEBOOK
040 _aCRL
040 _beng
040 _cCRL
041 _2eng
041 _aeng
084 _qCRL
100 _aAnthony J. Hickey, Stefano Giovagnoli
_91067143
245 0 _aPharmaceutical Powder and Particles
260 _bSpringer
260 _bSpringer
260 _c2018
856 _uhttps://link.springer.com/openurl?genre=book&isbn=978-3-319-91220-2
942 _cEBOOK
999 _c1632873
_d1632873